000 00588nam a22002417a 4500
003 UA-OsUOA
001 86979
007 ta
008 20120913b un ||||| |||| 00| 0 ukr d
100 _aМалюгин Л.
700 _aГитович И.
090 _a821.161.1
_bМ 21
942 _cBK
040 _aUA-OsUOA
_brus
_cUA-OsUOA
_dUA-OsUOA
245 _aЧехов
_bПовесть-хроника
300 _a576 с.
955 _a3
041 _arus
080 _a821.161.1
260 _aМ.
_bСоветский писатель
_c1983
650 7 _2UDC
999 _c373192
_d373192